Statistics for Countries Whose Capitals Are Not Their Biggest City With Greatest Ratio Of People Between The Two

Click here to take the quiz!

General Stats

  • This quiz has been taken 47 times
  • The average score is 6 of 10

Answer Stats

Ratio Diff %Answer% Correct
12.72USA(Washington D.C/New York)
95%
12.60Australia(Canberra/Sydney)
84%
49.77India(Mumbai/New Delhi)
75%
13.97Pakistan(Islamabad/Karachi)
70%
10.2Nigeria(Abuja/Lagos)
64%
7.7Tanzania(Dodoma/Dar es Salaam)
55%
21.7Cote D'Ivoire(Yamousoukro/Abidjan)
39%
6.62Morocco(Rabat/Casablanca)
36%
7.1Bolivia(Sucre/Santa Cruz De La Sierra)
27%
41.32Palau(Ngerulmud/Koror)
20%

Score Distribution

Percentile by Number Answered

Percent of People with Each Score

Your Score History

You have not taken this quiz